| 000 | 01244cam a2200301 4500 | ||
|---|---|---|---|
| 001 | ABS64253 | ||
| 008 | 010806n2001 000 0 eng u | ||
| 035 | _a(Sirsi) u113949 | ||
| 100 | _aWalker, A. | ||
| 245 | _aLeisure, heritage and the city : a potent combination | ||
| 260 | _c2001 | ||
| 490 |
_aJournal of Leisure Property _v1(3) July 2001, 209-219(11) |
||
| 520 | _aTraces the impact that the provision of space for leisure activities has made on the layout of towns and cities in the past. Notes that leisure property is in a unique position to capitalise on the individual characteristics of different urban centres but warns that there is a fine line between exploiting their heritage in a sustainable fashion and creating an artificial environment. References. | ||
| 590 | _aABS | ||
| 650 | _aPROPERTY-COMMERCIAL PROPERTY-COMMERCIAL PROPERTY DEVELOPMENT | ||
| 650 | _aENTERTAINMENT MARKET | ||
| 650 | _aENTERTAINMENT SECTOR | ||
| 650 | _aHERITAGE | ||
| 650 | _aHERITAGE PROPERTY | ||
| 650 | _aLEISURE MARKET | ||
| 650 | _aLEISURE PROPERTY | ||
| 650 | _aLEISURE SECTOR | ||
| 650 | _aTOWN CENTRES | ||
| 650 | _aTOWN PLANNING | ||
| 650 | _aURBAN REGENERATION | ||
| 690 | _aDEVELOPMENT-SUSTAINABLE | ||
| 942 | _n0 | ||
| 999 |
_c67900 _d67900 |
||